000 01103cam a22003137a 4500
003 CHAP
005 20240502101819.0
008 971013s1991 r 00010 d
010 _a12378
011 _a13350
035 _a17421
040 _cCHAP
082 0 0 _a036
_bA5h
245 0 0 _aAnuario de los hechos
260 _aBarcelona :
_bDifusora Internacional,
_c1991-19
300 _av.
_b: ilus.
500 _aLa biblioteca tiene : 1990, 1991, 1992, 2003 (Contiene 1 DVD: 2003 El DVD del Año)
505 _6DVD : 2003 EL DVD del Año.
590 _aBATCH-UPD
_b10
_c20130110
590 _aCONVERSION
_b10
_c20130109
650 1 4 _aEnciclopedias y diccionarios.
_936750
901 _aBK
942 _cCD
_2ddc
949 _a036 A5h
_bBC
_cC
_d33724000611299
_eC
_f1992
_h86616
_i17421
_si
949 _a036 A5h
_bBC
_cC
_d33724000776514
_eC
_f1991
_h86615
_i17421
_sb
949 _a036 A5h
_bBC
_cC
_d33724000965042
_eC
_f2003
_gI.224458
_h107339
_i17421
_sb
_t$2007.00
949 _a036 A5h
_bBC
_cCD
_d33724002026306
_eC
_f2003 CD
_i17421
_sb
949 _a036 A5h
_bBC
_cMUT
_d33724000618336
_eMUT
_f1990
_h86614
_i17421
_sb
999 _c12378
_d12378